| 000 | 00643nam a22002057a 4500 | ||
|---|---|---|---|
| 003 | 0 | ||
| 005 | 20230914112809.0 | ||
| 008 | 230914b xxu||||| |||| 00| 0 eng d | ||
| 020 | _a978-1-975184-80-3 | ||
| 050 |
_aRC 440 _b.V53 2023 |
||
| 100 | _aVidebeck, Sheila L. | ||
| 245 |
_aPsychiatric-mental health nursing _cSheila L. Videbeck |
||
| 250 | _aNinth edition | ||
| 260 |
_aPhiladelphia _bWolters Kluwer _cc2023. |
||
| 300 |
_axv, 525 pages : _bcol. ill. ; _c28cm. |
||
| 500 | _aPsychiatric nursing. | ||
| 504 | _aIncludes bibliographical references, glossary, and index. | ||
| 650 | _aPsychiatric nursing. | ||
| 942 |
_2lcc _cBK |
||
| 999 |
_c365304 _d365304 |
||